000 00764cam a22002533a 4500
001 17891
003 PGUSA
005 20140828083400.0
008 060301s2006||||xxu|||||s|||||000 1 eng d
040 _aPGUSA
_beng
042 _adc
050 4 _aPS
100 1 _aFreeman, Mary Eleanor Wilkins,
_d1852-1930
245 1 0 _aEvelina's Garden
_h[electronic resource] /
_cMary Eleanor Wilkins Freeman
260 _bProject Gutenberg,
_c2006
506 _aPublic domain in the USA.
516 _aElectronic text
653 _aInheritance and succession -- Fiction
653 _aLove stories
653 _aNew England -- Social life and customs -- Fiction
830 0 _aProject Gutenberg
_v17891
856 4 0 _uhttp://www.gutenberg.org/ebooks/17891
942 _cEB
999 _c247146
_d247146